000 00299nam a22001457a 4500
008 221005b ||||| |||| 00| 0 eng d
020 _a6316327
041 _aeng
080 _a611
082 _a611
100 _a12.1
101 _aNEU
245 _aNeuroanatomy
_cELLIOTT. CH
942 _2udc
_cBK
999 _c58344
_d58344